Personnages célèbres - Série 65 - Statistiques

Statistiques générales
  • Ce quiz a été pris 86 fois
  • Le résultat moyen est 7 sur 15
Statistiques - réponses
Par images Hint Réponse % Correct
Scarlett - actrice Johansson
90%
Patrick - politique Balkany
77%
Joakim - basket Noah
76%
Yolande - actrice Moreau
73%
Björn - tennis Borg
71%
Aldo - acteur Maccione
63%
Kevin - acteur Spacey
59%
Cristiana - actrice Reali
47%
Léa - actrice Drucker
42%
Jean Pierre - rugby Rives
40%
Tonya - actrice Kinzinger
23%
Brie - actrice Larson
22%
Gino - acteur Cervi
14%
Audrey - actrice Dana
10%
Ashley - actrice Scott
3%
Aucun quiz correspondant
Distribution des résultats
% des personnes avec chaque résultat
Percentile par nombre de réponses
Votre historique - résultats
Vous n’avez pas pris ce quiz